| 000 | 00646nam a2200181Ia 4500 | ||
|---|---|---|---|
| 008 | 140609s9999 xx 000 0 und d | ||
| 020 | _a1856045250 | ||
| 050 |
_aZ 675.U5 _b.M3284 2005 |
||
| 245 |
_aManaging academic support services in universities : _bthe convergence experience / _cedited by Terry Hanson |
||
| 260 |
_aLondon : _bFacet, _cc2005. |
||
| 300 |
_a216 p. ; _c24 cm. |
||
| 500 | _aIncludes bibliographical references and index. | ||
| 521 | _aGE | ||
| 650 |
_aElectronic data processing departments _xAdministration. |
||
| 650 |
_aUniversities and colleges _xDepartments --Administration. |
||
| 942 |
_kFOR _cBK |
||
| 999 |
_c118175 _d118175 |
||